Harry Potter: Les Vélanes - Statistiques

Statistiques générales
  • Ce quiz a été pris 78 fois
  • Le résultat moyen est 6 sur 9
Statistiques - réponses
Information Réponse % Correct
Première apparition Harry Potter et la Coupe de Feu
98%
Derniere apparition Harry Potter et les Reliques de la Mort
97%
Hybride connue Fleur Delacour
95%
Partie utilisée pour fabriquer des baguettes Cheveux
76%
Description Femme d'une grande beauté
66%
Localisation Bulgarie, France
60%
Personne de sa famille qui en est une vraie Sa grand-mère
53%
Statut Etre
31%
Raison pour laquelle il est déconseillé d'en mettre dans une baguette Ca lui donne un mauvais caractère
19%
Aucun quiz correspondant
Distribution des résultats
% des personnes avec chaque résultat
Percentile par nombre de réponses
Votre historique - résultats
Vous n’avez pas pris ce quiz